000 00817nam a2200217 i 4500
001 46101
003 ES-MaACL
005 20250828084000.0
007 t|
008 030327s1947 sz ||||1| fre d
111 2 _aConférence Internationale de l'Instruction Publique (
_n10ª.
_d1947.
_cGinebra)
_9144
245 1 2 _aLa gratuitè du material scolaire... /
_cconvoquée par l'Unesco et le B.I.E.
260 _aGenève :
_bB.I.E,
_c1947.
300 _a153 P. ;
_c24 cm.
490 1 _aPublications du Bureau International d'Education ;
_v97
500 _aPrecede al tít.: Bureau International d'Education.
710 2 0 _aOficina Internacional de Educación
_96022
830 0 _aPublications du Bureau International d'Education ;
_v97
_9181740
852 _aES-MaACL
_j1878-F-6
_bR.25261
999 _c46101
_d46101